Statistics for Newcastle United Player Nations

Click here to take the quiz!

General Stats

  • This quiz has been taken 563 times
    (552 since last reset)
  • The average score is 11 of 13

Answer Stats

HintAnswer% Correct
Alan ShearerEngland
99%
Tim KrulHolland
97%
Moussa SissokoFrance
97%
Craig BellamyWales
96%
Obafemi MartinsNigeria
95%
Cheick TioteIvory Coast
92%
Papis CisseSenegal
92%
EmreTurkey
83%
Nolberto SolanoPeru
79%
Keith GillespieNorthern Ireland
77%
Faustino AsprillaColombia
69%
Phillipe AlbertBelgium
67%
Gael BigirimanaBurundi
48%

Score Distribution

Percentile by Number Answered

Percent of People with Each Score

Your Score History

You have not taken this quiz since the last reset